[Event "2nd Hersonissos Open 2018"]
[Site "Hersonissos"]
[Date "2018.06.18"]
[Round "3"]
[White "Kadianis, Georgios"]
[Black "Kotsinis, Alexandros"]
[Result "1-0"]
[WhiteElo "1917"]
[BlackElo "1655"]
[Annotator "NA"]
[PlyCount "65"]
[EventDate "2018.06.16"]
[EventType "swiss"]
[EventCountry "GRE"]
[SourceTitle "playchess.com"]
[Source "ChessBase"]
[SourceQuality "1"]
[TimeControl "5400+30"]

1. Nf3 {[%emt 0:00:00]} d5 {[%emt 0:00:07]} 2. g3 {[%emt 0:00:00]} Nf6 {[%emt 0:00:04]} 3. Bg2 {[%emt 0:00:00]} c6 {[%emt 0:00:06]} 4. O-O {[%emt 0:00:00]} Bf5 {[%emt 0:00:03]} 5. d4 {[%emt 0:00:13]} h6 {[%emt 0:00:13]} 6. c4 {[%emt 0:00:24]} e6 {[%emt 0:00:15]} 7. Nbd2 {[%emt 0:00:48]} Bd6 {[%emt 0:00:52]} 8. b3 {[%emt 0:02:02]} Nbd7 {[%emt 0:00:20]} 9. Bb2 {[%emt 0:00:15]} Qb8 {[%emt 0:01:25]} 10. Rc1 {[%emt 0:08:42]} O-O {[%emt 0:00:17]} 11. Ne1 {[%emt 0:09:58]} a5 {[%emt 0:01:44]} 12. a4 {[%emt 0:09:48]} b5 {[%emt 0:03:08]} 13. axb5 {[%emt 0:03:37]} cxb5 {[%emt 0:00:03]} 14. c5 {[%emt 0:00:09]} Bc7 {[%emt 0:04:10]} 15. f3 {[%emt 0:05:50]} e5 {[%emt 0:04:13]} 16. c6 {[%emt 0:08:53]} Nb6 {[%emt 0:00:07]} 17. e4 {[%emt 0:02:45]} Bg6 {[%emt 0:02:04]} 18. Qe2 {[%emt 0:08:01]} b4 19. f4 {[%emt 0:12:05]} exd4 {[%emt 0:43:31]} 20. e5 {[%emt 0:01:05]} Re8 {[%emt 0:04:50]} 21. Qb5 {[%emt 0:05:15]} Ne4 {[%emt 0:03:49]} 22. Nxe4 {[%emt 0:00:18]} Bxe4 {[%emt 0:07:25]} 23. Bxd4 {[%emt 0:04:25]} Nc8 {[%emt 0:03:54]} 24. Qxb8 {[%emt 0:03:27]} Rxb8 {[%emt 0:00:04]} 25. Bxe4 {[%emt 0:00:16]} dxe4 {[%emt 0:00:02]} 26. Ng2 {[%emt 0:00:26]} Rd8 {[%emt 0:00:54]} 27. Bc5 {[%emt 0:10:55]} Rd3 {[%emt 0:00:09]} 28. Rfd1 {[%emt 0:00:24]} Rxb3 {[%emt 0:02:08]} 29. Rd7 {[%emt 0:00:41]} Rc3 {[%emt 0:00:20]} 30. Rxc3 {[%emt 0:01:39]} bxc3 {[%emt 0:00:01]} 31. Rxc7 {[%emt 0:00:51]} c2 {[%emt 0:00:27]} 32. Ba3 {[%emt 0:01:08]} Nd6 {[%emt 0:00:56]} 33. exd6 {[%emt 0:00:41]} 1-0

[Event "2nd Hersonissos Open 2018"]
[Site "Hersonissos"]
[Date "2018.06.18"]
[Round "3"]
[White "Pliev, Vladimir"]
[Black "Kozyris, Ilias"]
[Result "1/2-1/2"]
[WhiteElo "1909"]
[BlackElo "1570"]
[Annotator "NA"]
[PlyCount "92"]
[EventDate "2018.06.16"]
[EventType "swiss"]
[EventCountry "GRE"]
[SourceTitle "playchess.com"]
[Source "ChessBase"]
[SourceQuality "1"]
[TimeControl "5400+30"]

1. e4 {[%emt 0:00:00]} e5 {[%emt 0:00:08]} 2. Nf3 {[%emt 0:00:00]} Nc6 3. Bb5 {[%emt 0:00:00]} a6 {[%emt 0:00:10]} 4. Ba4 {[%emt 0:00:00]} Nf6 {[%emt 0:00:07]} 5. d3 {[%emt 0:00:00]} b5 {[%emt 0:01:12]} 6. Bb3 {[%emt 0:00:00]} Bc5 {[%emt 0:00:23]} 7. c3 {[%emt 0:00:40]} d6 {[%emt 0:00:12]} 8. Nbd2 {[%emt 0:00:38]} O-O {[%emt 0:00:38]} 9. h3 {[%emt 0:00:26]} Re8 {[%emt 0:05:10]} 10. O-O {[%emt 0:01:37]} Bb7 {[%emt 0:06:47]} 11. a4 {[%emt 0:04:44]} b4 {[%emt 0:05:52]} 12. Nc4 {[%emt 0:03:13]} bxc3 {[%emt 0:09:05]} 13. bxc3 {[%emt 0:00:17]} Ba7 {[%emt 0:04:02]} 14. Ne3 {[%emt 0:02:18]} Ne7 {[%emt 0:10:08]} 15. Bxf7+ {[%emt 0:04:27]} Kxf7 {[%emt 0:01:13]} 16. Qb3+ {[%emt 0:01:50]} Bd5 {[%emt 0:04:13]} 17. Ng5+ {[%emt 0:01:55]} Kg8 {[%emt 0:00:13]} 18. Nxd5 {[%emt 0:00:34]} Nexd5 {[%emt 0:00:26]} 19. exd5 {[%emt 0:00:21]} Rb8 {[%emt 0:00:43]} 20. Qc4 {[%emt 0:00:17]} Qc8 {[%emt 0:03:44]} 21. Ne4 {[%emt 0:04:53]} Nxe4 {[%emt 0:03:34]} 22. dxe4 {[%emt 0:00:20]} Rf8 {[%emt 0:00:09]} 23. Qe2 {[%emt 0:02:22]} Rb3 {[%emt 0:07:35]} 24. Be3 {[%emt 0:04:22]} Qb7 {[%emt 0:00:58]} 25. Bxa7 {[%emt 0:01:35]} Qxa7 {[%emt 0:00:13]} 26. Qc2 {[%emt 0:01:26]} Rfb8 {[%emt 0:00:59]} 27. Rab1 {[%emt 0:02:50]} Rxb1 {[%emt 0:03:03]} 28. Rxb1 {[%emt 0:00:06]} Rxb1+ {[%emt 0:00:10]} 29. Qxb1 {[%emt 0:00:05]} Qc5 {[%emt 0:00:08]} 30. Qb4 {[%emt 0:03:58]} Qa7 {[%emt 0:00:32]} 31. g3 {[%emt 0:00:16]} Kf7 {[%emt 0:00:21]} 32. Kg2 {[%emt 0:00:16]} g5 {[%emt 0:01:03]} 33. a5 {[%emt 0:02:05]} h6 {[%emt 0:01:10]} 34. Qc4 {[%emt 0:04:25]} Qb7 {[%emt 0:03:53]} 35. Qe2 {[%emt 0:09:43]} Qc8 {[%emt 0:00:53]} 36. Qg4 {[%emt 0:03:02]} Qd8 {[%emt 0:27:29]} 37. h4 {[%emt 0:02:14]} gxh4 {[%emt 0:01:49]} 38. Qxh4 {[%emt 0:02:47]} Qxh4 {[%emt 0:00:32]} 39. gxh4 {[%emt 0:00:08]} Kg6 {[%emt 0:00:04]} 40. Kg3 {[%emt 0:00:00]} h5 {[%emt 0:00:00]} 41. f4 {[%emt 0:00:00]} Kf6 {[%emt 0:00:00]} 42. Kf3 {[%emt 0:00:00]} Ke7 {[%emt 0:00:00]} 43. fxe5 {[%emt 0:00:00]} dxe5 {[%emt 0:00:00]} 44. Ke3 {[%emt 0:00:00]} Kd6 {[%emt 0:00:00]} 45. Kd3 {[%emt 0:00:00]} c6 {[%emt 0:00:00]} 46. c4 {[%emt 0:00:00]} c5 {[%emt 0:00:00]} 1/2-1/2

[Event "2nd Hersonissos Open 2018"]
[Site "Hersonissos"]
[Date "2018.06.18"]
[Round "3"]
[White "Brokalakis - Gounaris, Christos"]
[Black "Dagkonaki, Aspasia"]
[Result "1-0"]
[WhiteElo "1851"]
[BlackElo "1538"]
[Annotator "NA"]
[PlyCount "65"]
[EventDate "2018.06.16"]
[EventType "swiss"]
[EventCountry "GRE"]
[SourceTitle "playchess.com"]
[Source "ChessBase"]
[SourceQuality "1"]
[TimeControl "5400+30"]

1. d4 {[%emt 0:00:00]} d5 {[%emt 0:00:07]} 2. c4 {[%emt 0:00:00]} e6 {[%emt 0:01:39]} 3. Nc3 {[%emt 0:00:28]} Nf6 {[%emt 0:00:47]} 4. cxd5 {[%emt 0:00:16]} exd5 {[%emt 0:00:09]} 5. Bg5 {[%emt 0:00:05]} c6 {[%emt 0:00:57]} 6. Qc2 {[%emt 0:00:48]} Be7 {[%emt 0:03:47]} 7. e3 {[%emt 0:00:30]} Nh5 {[%emt 0:02:01]} 8. Bxe7 {[%emt 0:00:50]} Qxe7 {[%emt 0:00:13]} 9. Nxd5 {[%emt 0:02:28]} Qd8 {[%emt 0:05:12]} 10. Nc3 {[%emt 0:02:13]} O-O {[%emt 0:01:32]} 11. Nf3 {[%emt 0:02:28]} Nf6 {[%emt 0:02:30]} 12. Bc4 {[%emt 0:02:02]} Bg4 {[%emt 0:04:48]} 13. Ne5 {[%emt 0:01:09]} Qc7 {[%emt 0:04:32]} 14. h3 {[%emt 0:05:14]} Be6 {[%emt 0:03:06]} 15. Bxe6 {[%emt 0:03:45]} fxe6 {[%emt 0:00:31]} 16. Qb3 {[%emt 0:04:46]} Re8 {[%emt 0:01:55]} 17. O-O {[%emt 0:07:44]} Nbd7 {[%emt 0:00:47]} 18. Nd3 {[%emt 0:06:43]} Nd5 {[%emt 0:02:52]} 19. Rac1 {[%emt 0:01:09]} Rac8 {[%emt 0:04:27]} 20. e4 {[%emt 0:04:58]} Nxc3 {[%emt 0:01:54]} 21. Rxc3 {[%emt 0:02:37]} Qb6 {[%emt 0:01:00]} 22. Qc4 {[%emt 0:02:39]} Nf6 {[%emt 0:01:45]} 23. Rb3 {[%emt 0:02:23]} Qc7 {[%emt 0:09:14]} 24. Re1 {[%emt 0:03:15]} Rcd8 {[%emt 0:06:51]} 25. e5 {[%emt 0:12:16]} Nd5 {[%emt 0:03:20]} 26. Nc5 {[%emt 0:00:34]} Qa5 {[%emt 0:05:15]} 27. Ra1 {[%emt 0:02:41]} b5 {[%emt 0:11:13]} 28. Qe2 {[%emt 0:04:26]} Qc7 {[%emt 0:08:09]} 29. Rc1 {[%emt 0:02:20]} Nf4 {[%emt 0:01:50]} 30. Qe3 {[%emt 0:01:03]} Rxd4 {[%emt 0:00:48]} 31. g3 {[%emt 0:03:39]} Nxh3+ {[%emt 0:07:46]} 32. Kg2 {[%emt 0:00:31]} Nxf2 {[%emt 0:00:32]} 33. Qxd4 {[%emt 0:00:30]} 1-0

[Event "2nd Hersonissos Open 2018"]
[Site "Hersonissos"]
[Date "2018.06.18"]
[Round "3"]
[White "Iminov, Bachtiar"]
[Black "Magoulianos, Nikolaos"]
[Result "0-1"]
[WhiteElo "1842"]
[BlackElo "1434"]
[Annotator "NA"]
[PlyCount "74"]
[EventDate "2018.06.16"]
[EventType "swiss"]
[EventCountry "GRE"]
[SourceTitle "playchess.com"]
[Source "ChessBase"]
[SourceQuality "1"]
[TimeControl "5400+30"]

1. d4 {[%emt 0:00:00]} d5 {[%emt 0:00:04]} 2. Nf3 {[%emt 0:00:00]} Nf6 {[%emt 0:00:11]} 3. e3 {[%emt 0:00:00]} c5 {[%emt 0:01:14]} 4. b3 {[%emt 0:00:00]} Nc6 {[%emt 0:00:57]} 5. Bb2 {[%emt 0:00:29]} Bg4 {[%emt 0:02:56]} 6. Be2 {[%emt 0:00:36]} e6 {[%emt 0:00:31]} 7. Nbd2 {[%emt 0:00:15]} Qc7 {[%emt 0:03:13]} 8. Ne5 {[%emt 0:01:16]} Bxe2 {[%emt 0:02:59]} 9. Qxe2 {[%emt 0:00:06]} cxd4 {[%emt 0:02:13]} 10. exd4 {[%emt 0:00:32]} Nxe5 {[%emt 0:01:29]} 11. dxe5 {[%emt 0:00:09]} Qxc2 {[%emt 0:01:23]} 12. exf6 {[%emt 0:01:31]} Qxb2 {[%emt 0:02:20]} 13. O-O {[%emt 0:01:25]} a6 {[%emt 0:03:36]} 14. fxg7 {[%emt 0:03:19]} Bxg7 {[%emt 0:03:37]} 15. Rac1 {[%emt 0:01:28]} Bc3 {[%emt 0:02:37]} 16. Qd3 {[%emt 0:01:56]} Qxd2 {[%emt 0:00:48]} 17. Qxc3 {[%emt 0:00:15]} Qxc3 {[%emt 0:00:07]} 18. Rxc3 {[%emt 0:00:03]} Kd7 {[%emt 0:00:53]} 19. f4 {[%emt 0:00:24]} Rac8 {[%emt 0:00:26]} 20. Rg3 {[%emt 0:00:18]} Rc2 {[%emt 0:01:21]} 21. a4 {[%emt 0:00:17]} Ke7 {[%emt 0:01:35]} 22. f5 {[%emt 0:00:44]} e5 {[%emt 0:03:05]} 23. Re3 {[%emt 0:01:53]} f6 {[%emt 0:00:35]} 24. Rd1 {[%emt 0:00:17]} Rg8 {[%emt 0:01:07]} 25. g3 {[%emt 0:00:38]} Rd8 {[%emt 0:00:51]} 26. g4 {[%emt 0:00:19]} Kd6 {[%emt 0:09:54]} 27. Rh3 {[%emt 0:00:32]} Rg8 {[%emt 0:00:29]} 28. Rh4 {[%emt 0:00:25]} h5 {[%emt 0:01:37]} 29. h3 {[%emt 0:00:12]} hxg4 {[%emt 0:00:09]} 30. hxg4 {[%emt 0:00:26]} d4 {[%emt 0:00:48]} 31. Rh6 {[%emt 0:00:22]} Rxg4+ {[%emt 0:06:11]} 32. Kh1 {[%emt 0:00:05]} Kd5 {[%emt 0:01:41]} 33. Rxf6 {[%emt 0:00:31]} Rc7 {[%emt 0:01:57]} 34. Rh6 {[%emt 0:00:24]} Rf7 {[%emt 0:00:44]} 35. Rf1 {[%emt 0:01:50]} e4 {[%emt 0:02:16]} 36. Rh8 {[%emt 0:00:47]} Kc5 {[%emt 0:00:51]} 37. Rc8+ {[%emt 0:00:14]} Kb4 {[%emt 0:00:29]} 0-1

[Event "2nd Hersonissos Open 2018"]
[Site "Hersonissos"]
[Date "2018.06.18"]
[Round "3"]
[White "Kouvidis, Ioannis"]
[Black "Sielicki, Tomasz"]
[Result "1-0"]
[WhiteElo "1730"]
[BlackElo "1963"]
[Annotator "NA"]
[PlyCount "91"]
[EventDate "2018.06.16"]
[EventType "swiss"]
[EventCountry "GRE"]
[SourceTitle "playchess.com"]
[Source "ChessBase"]
[SourceQuality "1"]
[TimeControl "5400+30"]

1. e4 {[%emt 0:00:00]} e5 {[%emt 0:00:13]} 2. Nf3 {[%emt 0:00:00]} d5 {[%emt 0:00:09]} 3. exd5 {[%emt 0:13:14]} Bd6 {[%emt 0:00:44]} 4. Bb5+ {[%emt 0:02:17]} Nd7 {[%emt 0:02:01]} 5. O-O {[%emt 0:03:43]} Ngf6 {[%emt 0:00:28]} 6. d4 {[%emt 0:05:05]} e4 {[%emt 0:00:31]} 7. Ne5 {[%emt 0:02:44]} O-O {[%emt 0:01:02]} 8. Bxd7 {[%emt 0:01:21]} Nxd7 {[%emt 0:04:39]} 9. Nc4 {[%emt 0:09:29]} Nf6 {[%emt 0:04:43]} 10. Bg5 {[%emt 0:02:32]} h6 {[%emt 0:09:28]} 11. Bxf6 {[%emt 0:02:10]} Qxf6 {[%emt 0:00:31]} 12. Nxd6 {[%emt 0:05:06]} Qxd6 {[%emt 0:01:32]} 13. Nc3 {[%emt 0:00:07]} Bf5 {[%emt 0:01:44]} 14. a3 {[%emt 0:10:00]} Rfe8 {[%emt 0:00:56]} 15. Re1 {[%emt 0:03:13]} a6 {[%emt 0:03:20]} 16. Qh5 {[%emt 0:01:33]} Bg6 {[%emt 0:03:18]} 17. Qh4 {[%emt 0:01:00]} Qb6 {[%emt 0:02:19]} 18. b3 {[%emt 0:13:38]} Qxd4 {[%emt 0:04:28]} 19. Qg3 {[%emt 0:02:31]} Qe5 {[%emt 0:11:09]} 20. Re3 {[%emt 0:01:36]} Qxg3 {[%emt 0:04:52]} 21. hxg3 {[%emt 0:00:09]} Rad8 {[%emt 0:02:22]} 22. Rd1 {[%emt 0:05:30]} f5 {[%emt 0:02:13]} 23. Na4 {[%emt 0:01:48]} b6 {[%emt 0:11:36]} 24. c4 {[%emt 0:00:22]} Bf7 {[%emt 0:01:15]} 25. Nc3 {[%emt 0:00:38]} Rd6 {[%emt 0:04:42]} 26. f3 {[%emt 0:02:19]} exf3 {[%emt 0:02:41]} 27. Rxe8+ {[%emt 0:00:10]} Bxe8 {[%emt 0:00:04]} 28. gxf3 {[%emt 0:00:05]} c6 {[%emt 0:04:17]} 29. Kf2 {[%emt 0:01:17]} cxd5 {[%emt 0:00:52]} 30. Rxd5 {[%emt 0:00:12]} Rd7 {[%emt 0:03:35]} 31. Rxd7 {[%emt 0:05:44]} Bxd7 {[%emt 0:00:01]} 32. Nd5 {[%emt 0:00:47]} b5 {[%emt 0:00:46]} 33. c5 {[%emt 0:01:05]} Kf7 {[%emt 0:02:23]} 34. Ke3 {[%emt 0:01:01]} Bc8 {[%emt 0:01:59]} 35. c6 {[%emt 0:00:22]} Ke8 {[%emt 0:01:00]} 36. Kd4 {[%emt 0:00:43]} Kd8 {[%emt 0:01:39]} 37. Ke5 {[%emt 0:00:08]} h5 {[%emt 0:01:36]} 38. Kd6 {[%emt 0:00:11]} g5 {[%emt 0:00:29]} 39. Nf6 {[%emt 0:00:21]} Be6 {[%emt 0:00:34]} 40. Kxe6 {[%emt 0:00:00]} h4 {[%emt 0:00:00]} 41. Nd5 {[%emt 0:00:00]} h3 {[%emt 0:00:00]} 42. Kd6 {[%emt 0:00:00]} h2 {[%emt 0:00:00]} 43. c7+ {[%emt 0:00:00]} Kc8 {[%emt 0:00:00]} 44. Ne7+ {[%emt 0:00:00]} Kb7 {[%emt 0:00:00]} 45. c8=Q+ {[%emt 0:00:00]} Kb6 {[%emt 0:00:00]} 46. Qd8+ 1-0

[Event "2nd Hersonissos Open 2018"]
[Site "Hersonissos"]
[Date "2018.06.18"]
[Round "3"]
[White "Ivanov, Svetlen"]
[Black "Ranaldi, Lucas"]
[Result "0-1"]
[WhiteElo "1591"]
[BlackElo "2283"]
[Annotator "NA"]
[PlyCount "76"]
[EventDate "2018.06.16"]
[EventType "swiss"]
[EventCountry "GRE"]
[SourceTitle "playchess.com"]
[Source "ChessBase"]
[SourceQuality "1"]
[TimeControl "5400+30"]

1. d4 {[%emt 0:00:00]} Nf6 {[%emt 0:00:14]} 2. Nf3 {[%emt 0:00:00]} e6 {[%emt 0:00:48]} 3. Bf4 {[%emt 0:00:26]} b6 {[%emt 0:01:54]} 4. e3 {[%emt 0:00:29]} Bb7 {[%emt 0:00:12]} 5. Bd3 {[%emt 0:00:26]} c5 {[%emt 0:00:38]} 6. c3 {[%emt 0:00:31]} Be7 {[%emt 0:00:10]} 7. h3 {[%emt 0:00:05]} O-O {[%emt 0:00:19]} 8. O-O {[%emt 0:00:07]} d6 {[%emt 0:00:58]} 9. a3 {[%emt 0:01:11]} Nbd7 {[%emt 0:02:20]} 10. Nbd2 {[%emt 0:00:16]} Rc8 {[%emt 0:01:27]} 11. Qe2 {[%emt 0:07:51]} Qc7 {[%emt 0:01:33]} 12. Bh2 {[%emt 0:02:39]} Qb8 {[%emt 0:01:43]} 13. a4 {[%emt 0:03:06]} Bc6 {[%emt 0:06:05]} 14. Bb5 {[%emt 0:02:14]} Rfe8 {[%emt 0:01:46]} 15. Rfb1 {[%emt 0:06:31]} Bf8 {[%emt 0:01:54]} 16. a5 {[%emt 0:08:15]} cxd4 {[%emt 0:09:09]} 17. Nxd4 {[%emt 0:04:01]} Bxb5 {[%emt 0:01:02]} 18. Qxb5 e5 {[%emt 0:10:00]} 19. Nc6 {[%emt 0:04:19]} Qa8 {[%emt 0:08:58]} 20. Nb4 {[%emt 0:02:34]} Rc5 {[%emt 0:00:13]} 21. Qa6 {[%emt 0:05:06]} b5 {[%emt 0:01:17]} 22. Nb3 {[%emt 0:02:08]} Nb8 {[%emt 0:01:20]} 23. Nxc5 {[%emt 0:00:15]} Nxa6 {[%emt 0:00:33]} 24. Ncxa6 {[%emt 0:00:04]} Qb7 {[%emt 0:00:40]} 25. Rc1 {[%emt 0:01:18]} d5 {[%emt 0:01:38]} 26. e4 {[%emt 0:02:03]} Nxe4 {[%emt 0:00:41]} 27. Nxd5 {[%emt 0:00:50]} Qxd5 {[%emt 0:00:37]} 28. Nc7 {[%emt 0:00:04]} Qc6 {[%emt 0:05:15]} 29. Nxe8 {[%emt 0:01:25]} Qxe8 {[%emt 0:03:46]} 30. Re1 {[%emt 0:00:15]} f5 {[%emt 0:00:21]} 31. b4 {[%emt 0:00:48]} Bd6 {[%emt 0:01:07]} 32. Rad1 {[%emt 0:00:51]} Qc6 {[%emt 0:00:27]} 33. Rd3 {[%emt 0:02:05]} f4 {[%emt 0:02:38]} 34. Red1 {[%emt 0:01:06]} Be7 {[%emt 0:00:51]} 35. Re1 {[%emt 0:01:17]} Nxc3 {[%emt 0:02:21]} 36. Rxe5 {[%emt 0:00:09]} Ne2+ {[%emt 0:00:50]} 37. Kf1 {[%emt 0:00:23]} Qc1+ {[%emt 0:00:20]} 38. Kxe2 {[%emt 0:00:04]} Qb2+ {[%emt 0:00:13]} 0-1

[Event "2nd Hersonissos Open 2018"]
[Site "Hersonissos"]
[Date "2018.06.18"]
[Round "3"]
[White "Koutsourakis, Ioannis"]
[Black "Haverkamp, Klaus"]
[Result "0-1"]
[WhiteElo "1560"]
[BlackElo "1921"]
[Annotator "NA"]
[PlyCount "68"]
[EventDate "2018.06.16"]
[EventType "swiss"]
[EventCountry "GRE"]
[SourceTitle "playchess.com"]
[Source "ChessBase"]
[SourceQuality "1"]
[TimeControl "5400+30"]

1. d4 {[%emt 0:00:00]} d5 {[%emt 0:00:37]} 2. c4 {[%emt 0:00:00]} e6 {[%emt 0:00:24]} 3. Nc3 {[%emt 0:00:00]} dxc4 {[%emt 0:04:46]} 4. e3 {[%emt 0:01:34]} a6 {[%emt 0:01:41]} 5. Bxc4 {[%emt 0:01:55]} b5 {[%emt 0:01:07]} 6. Bd3 {[%emt 0:05:18]} Bb7 {[%emt 0:00:19]} 7. Nf3 {[%emt 0:00:05]} Nf6 {[%emt 0:01:54]} 8. O-O {[%emt 0:00:45]} c5 {[%emt 0:02:45]} 9. dxc5 {[%emt 0:02:27]} Bxc5 {[%emt 0:01:15]} 10. Qe2 {[%emt 0:02:20]} Nc6 {[%emt 0:04:35]} 11. b3 {[%emt 0:06:44]} Nb4 {[%emt 0:11:09]} 12. Bxb5+ {[%emt 0:16:34]} Kf8 {[%emt 0:00:18]} 13. Bc4 {[%emt 0:00:34]} Qc7 {[%emt 0:00:54]} 14. Bb2 {[%emt 0:03:47]} Ng4 {[%emt 0:07:11]} 15. e4 {[%emt 0:05:17]} Nc6 {[%emt 0:03:19]} 16. Na4 {[%emt 0:08:53]} Bd4 {[%emt 0:04:03]} 17. g3 {[%emt 0:02:35]} Bxb2 {[%emt 0:01:18]} 18. Nxb2 {[%emt 0:00:08]} h5 {[%emt 0:03:19]} 19. Rac1 {[%emt 0:05:32]} h4 {[%emt 0:14:17]} 20. Bxe6 {[%emt 0:05:55]} Nge5 {[%emt 0:03:57]} 21. Qe3 {[%emt 0:13:17]} Qd6 {[%emt 0:11:32]} 22. Bd5 {[%emt 0:08:43]} Nxf3+ {[%emt 0:02:08]} 23. Qxf3 {[%emt 0:00:05]} Ne5 {[%emt 0:00:40]} 24. Qf4 {[%emt 0:03:03]} g5 {[%emt 0:05:13]} 25. Nc4 {[%emt 0:02:18]} Qxd5 {[%emt 0:02:54]} 26. Qxe5 {[%emt 0:02:21]} Qxe5 {[%emt 0:00:44]} 27. Nxe5 {[%emt 0:00:00]} Bxe4 {[%emt 0:01:12]} 28. Rc7 {[%emt 0:00:28]} Re8 {[%emt 0:02:04]} 29. Nd7+ {[%emt 0:00:53]} Kg7 {[%emt 0:00:15]} 30. Nc5 {[%emt 0:00:14]} Bf3 {[%emt 0:00:51]} 31. Ra7 {[%emt 0:02:20]} Re2 {[%emt 0:00:34]} 32. g4 {[%emt 0:01:19]} Rhe8 {[%emt 0:03:14]} 33. h3 {[%emt 0:00:32]} Rxa2 {[%emt 0:00:17]} 34. Rb7 {[%emt 0:00:33]} Bxb7 {[%emt 0:00:31]} 0-1

[Event "2nd Hersonissos Open 2018"]
[Site "Hersonissos"]
[Date "2018.06.18"]
[Round "3"]
[White "Mateev, Kaloyan Mateev"]
[Black "Maris, Ioannis"]
[Result "0-1"]
[WhiteElo "1539"]
[BlackElo "1915"]
[Annotator "NA"]
[PlyCount "82"]
[EventDate "2018.06.16"]
[EventType "swiss"]
[EventCountry "GRE"]
[SourceTitle "playchess.com"]
[Source "ChessBase"]
[SourceQuality "1"]
[TimeControl "5400+30"]

1. Nf3 {[%emt 0:00:00]} Nf6 {[%emt 0:02:16]} 2. b3 {[%emt 0:00:25]} c5 {[%emt 0:01:20]} 3. Bb2 {[%emt 0:00:30]} e6 {[%emt 0:00:14]} 4. e3 {[%emt 0:00:24]} Nc6 {[%emt 0:00:59]} 5. Bb5 {[%emt 0:04:53]} Be7 {[%emt 0:01:57]} 6. O-O {[%emt 0:01:18]} O-O {[%emt 0:01:43]} 7. d4 {[%emt 0:03:25]} cxd4 {[%emt 0:02:10]} 8. exd4 {[%emt 0:01:00]} Qb6 {[%emt 0:01:57]} 9. Bd3 {[%emt 0:08:03]} d6 {[%emt 0:06:12]} 10. Nbd2 {[%emt 0:04:13]} Bd7 {[%emt 0:01:07]} 11. a3 {[%emt 0:11:18]} a5 {[%emt 0:05:00]} 12. Re1 {[%emt 0:03:53]} d5 {[%emt 0:10:23]} 13. Ne5 {[%emt 0:05:24]} Be8 {[%emt 0:06:41]} 14. Ndf3 {[%emt 0:01:36]} h6 {[%emt 0:03:06]} 15. h3 {[%emt 0:05:53]} Nd7 {[%emt 0:06:23]} 16. Qe2 {[%emt 0:12:16]} Ncxe5 {[%emt 0:05:37]} 17. Nxe5 {[%emt 0:01:14]} Nxe5 {[%emt 0:06:59]} 18. dxe5 {[%emt 0:00:15]} Bc5 {[%emt 0:02:01]} 19. g4 {[%emt 0:01:39]} Rc8 {[%emt 0:01:06]} 20. Rac1 {[%emt 0:04:47]} Qd8 {[%emt 0:01:13]} 21. Kh2 {[%emt 0:02:43]} Qe7 {[%emt 0:04:21]} 22. Ra1 {[%emt 0:02:09]} b5 {[%emt 0:01:27]} 23. Rg1 {[%emt 0:01:52]} Qa7 {[%emt 0:06:11]} 24. Rg2 {[%emt 0:03:14]} Bd4 {[%emt 0:00:16]} 25. Bxd4 {[%emt 0:05:28]} Qxd4 {[%emt 0:00:03]} 26. Rag1 {[%emt 0:03:02]} g6 {[%emt 0:03:15]} 27. Qe3 {[%emt 0:02:31]} Qxe3 {[%emt 0:00:22]} 28. fxe3 {[%emt 0:00:07]} Rc3 {[%emt 0:00:16]} 29. h4 {[%emt 0:02:04]} a4 {[%emt 0:01:42]} 30. Rb1 {[%emt 0:00:36]} Bc6 {[%emt 0:00:48]} 31. Rf2 {[%emt 0:01:39]} Rc8 {[%emt 0:04:40]} 32. h5 {[%emt 0:00:32]} g5 {[%emt 0:00:45]} 33. Rff1 {[%emt 0:04:23]} axb3 {[%emt 0:00:29]} 34. Rxb3 {[%emt 0:00:10]} Rxb3 {[%emt 0:00:12]} 35. cxb3 {[%emt 0:00:04]} Bd7 {[%emt 0:00:17]} 36. Rf3 {[%emt 0:02:04]} Rc3 {[%emt 0:02:38]} 37. e4 {[%emt 0:00:17]} d4 {[%emt 0:00:04]} 38. Be2 {[%emt 0:00:32]} Rc2 {[%emt 0:00:14]} 39. Rd3 {[%emt 0:02:11]} Rxe2+ {[%emt 0:00:09]} 40. Kg3 {[%emt 0:00:00]} Rxe4 {[%emt 0:00:00]} 41. Kf3 {[%emt 0:00:00]} Bc6 {[%emt 0:00:00]} 0-1

[Event "2nd Hersonissos Open 2018"]
[Site "Hersonissos"]
[Date "2018.06.18"]
[Round "3"]
[White "Koutsouraki, Ariadni"]
[Black "Lichii, Elizaveta"]
[Result "0-1"]
[WhiteElo "1373"]
[BlackElo "1888"]
[Annotator "NA"]
[PlyCount "94"]
[EventDate "2018.06.16"]
[EventType "swiss"]
[EventCountry "GRE"]
[SourceTitle "playchess.com"]
[Source "ChessBase"]
[SourceQuality "1"]
[TimeControl "5400+30"]

1. e4 {[%emt 0:00:00]} c5 {[%emt 0:00:05]} 2. Nf3 {[%emt 0:00:00]} e6 {[%emt 0:00:05]} 3. d4 {[%emt 0:00:02]} cxd4 {[%emt 0:00:06]} 4. Nxd4 {[%emt 0:00:18]} a6 {[%emt 0:00:05]} 5. Nc3 {[%emt 0:03:03]} Qc7 {[%emt 0:00:04]} 6. Bd3 {[%emt 0:10:04]} Nf6 {[%emt 0:00:22]} 7. a3 {[%emt 0:03:40]} Be7 {[%emt 0:01:29]} 8. O-O {[%emt 0:00:33]} Nc6 {[%emt 0:00:20]} 9. Be3 {[%emt 0:11:03]} Ne5 {[%emt 0:11:57]} 10. Be2 {[%emt 0:06:41]} b5 {[%emt 0:11:18]} 11. f4 {[%emt 0:05:27]} Nc4 {[%emt 0:00:06]} 12. Bxc4 {[%emt 0:00:28]} Qxc4 {[%emt 0:00:21]} 13. e5 {[%emt 0:06:22]} Nd5 {[%emt 0:00:21]} 14. Nxd5 {[%emt 0:01:56]} Qxd5 {[%emt 0:00:07]} 15. Qe2 {[%emt 0:02:38]} Bb7 {[%emt 0:01:23]} 16. Nf3 {[%emt 0:00:45]} Qe4 {[%emt 0:01:12]} 17. Qf2 {[%emt 0:02:08]} Rc8 {[%emt 0:02:47]} 18. c3 {[%emt 0:02:00]} O-O {[%emt 0:02:37]} 19. Rad1 {[%emt 0:01:29]} Bd5 {[%emt 0:06:40]} 20. Rfe1 {[%emt 0:05:09]} Qg6 {[%emt 0:04:23]} 21. Rd2 {[%emt 0:04:27]} d6 {[%emt 0:04:00]} 22. Bd4 {[%emt 0:05:40]} Qf5 {[%emt 0:04:10]} 23. Qg3 {[%emt 0:05:32]} Qg6 {[%emt 0:00:43]} 24. Qf2 {[%emt 0:00:38]} Qg4 {[%emt 0:02:09]} 25. exd6 {[%emt 0:02:33]} Bxd6 {[%emt 0:00:18]} 26. Ne5 {[%emt 0:02:45]} Qf5 {[%emt 0:17:26]} 27. g4 {[%emt 0:08:42]} Qf6 {[%emt 0:00:09]} 28. Nd7 {[%emt 0:01:08]} Qxf4 {[%emt 0:00:11]} 29. Nxf8 {[%emt 0:01:26]} Qxg4+ {[%emt 0:00:09]} 30. Kf1 {[%emt 0:00:31]} Bc4+ {[%emt 0:00:36]} 31. Ree2 {[%emt 0:00:40]} Bxe2+ {[%emt 0:02:13]} 32. Rxe2 {[%emt 0:01:30]} Rxf8 {[%emt 0:00:30]} 33. Qe3 {[%emt 0:01:51]} Qf4+ {[%emt 0:00:15]} 34. Qxf4 {[%emt 0:00:09]} Bxf4 {[%emt 0:00:04]} 35. Kg2 {[%emt 0:00:30]} Rd8 {[%emt 0:00:56]} 36. Kf3 {[%emt 0:00:53]} Bc7 {[%emt 0:00:57]} 37. Rg2 {[%emt 0:00:16]} e5 {[%emt 0:01:17]} 38. Bc5 {[%emt 0:00:27]} f5 {[%emt 0:00:52]} 39. Re2 {[%emt 0:00:20]} e4+ {[%emt 0:00:34]} 40. Kg2 {[%emt 0:00:00]} Be5 {[%emt 0:00:00]} 41. h4 {[%emt 0:00:00]} g6 {[%emt 0:00:00]} 42. Be7 {[%emt 0:00:00]} Rd3 {[%emt 0:00:00]} 43. Bg5 {[%emt 0:00:00]} Kf7 {[%emt 0:00:00]} 44. Kf1 {[%emt 0:00:00]} Bf6 {[%emt 0:00:00]} 45. Bxf6 {[%emt 0:00:00]} Kxf6 {[%emt 0:00:00]} 46. Kg2 {[%emt 0:00:00]} Ke5 {[%emt 0:00:00]} 47. Kh2 {[%emt 0:00:00]} f4 {[%emt 0:00:00]} 0-1